000 00727nam a2200253Ia 4500
003 OSt
005 20221006143003.0
006 a|||||r|||| 00| 0
007 ta
008 221006b |||||||| |||| 00| 0 eng d
020 _a0312079877
_cP50.00
024 _a7,730
037 _cTextual
040 _aEASL
_cEASL
_beng
041 _2eng
_aeng
082 _aV42:1973.N91, N2
100 _aABE Kiyoshi etc. Ed.
_9648895
245 0 _aEconomic. industrial and managerial cordination between Japan and the USA
260 _aNew York
_bSt. Martin's Press
_c1992
300 _a408p.
_ccm.
490 _v JEL
942 _hV42:1973.N91, N2
_cTEXL
_2CC
999 _c1075816
_d1075816